00618 2200229 4500001002100000005001700021008004100038020002200079035002400101040001200125082001400137090002000151100001700171245004700188250001100235260002700246300002700273504003000300650002500330850001200355990002100367INLIS00000000002455920170228101716.0  a978-979-29-5695-5 0010-011700000000059 aYOPDYOG 223a248.4 aDEP 248.4 Bon D aBONG KA FOEI aDapur gembala dapur jemaatc/ Bong Ka Foei aCet. 1 aYogyakartabAndic2016 aix, 110 hlm.c; 21 cm. aBibliografi : hlm 107-108 aKehidupan kerohanian aYOPDYOG aCB-D.11/2016-721